01204 a2200229 450000100040000000500170000400800410002100300150006204000400007708000790011724500500019602000220024626400590026830000180032750503700034504100080071510000340072370000250075770000270078270000290080985601360083815020260407155414.0260407a2006 arg spa dAR-UNSa-BCEJYS aAR-UNSa-BCEJYSbspacAR-UNSa-BCEJYS a339.72xPagos internacionales. Moneda internacional y mercado de capitales10aEl mercosur: ¿debe tener una moneda común? a978-987-1281-15-2 1aBuenos Aires :bEDICON (Fondo Editorial Consejo)c2006 a208 p.c22 cm a1. Introducción - 2. Ventajas y desventajas de sistemas cambiarios alternativos - 3. La caída del régimen monetario de los noventa - 4. El orígen de los Shocks y la simetría de sus efectos - 5. Interdependencia macroeconómica y elección del esquema cambiario - 6. Dolarización y volatilidad real, en el contexto de una unión monetaria asimétrica aspa1 aMenéndez Paratore, Lisandro1 aTorija Zane, Edgardo1 aPanigo, Demián Tupac1 aMoccero, Diego Nicolás41uhttps://biblioeco.unsa.edu.ar/pmb/images/libros/El mercorsur-debe tener una moneda comun-l117333.jpgyImagen de portadaqimage/jpeg